<?xml version='1.0' encoding='UTF-8'?>
  <record xmlns="http://www.loc.gov/MARC21/slim">
    <leader>00000ctm a22000007a 4500</leader>
    <controlfield tag="001">ocn965407786</controlfield>
    <controlfield tag="003">OCoLC</controlfield>
    <controlfield tag="005">20241231003704.6</controlfield>
    <controlfield tag="008">150519q141514uune            000 0 dum d</controlfield>
    <datafield tag="040" ind1=" " ind2=" ">
      <subfield code="a">QGJ</subfield>
      <subfield code="b">dut</subfield>
      <subfield code="c">QGJ</subfield>
      <subfield code="d">OCLCL</subfield>
      <subfield code="d">OCLCQ</subfield>
    </datafield>
    <datafield tag="035" ind1=" " ind2=" ">
      <subfield code="a">(OCoLC)965407786</subfield>
    </datafield>
    <datafield tag="245" ind1="0" ind2="0">
      <subfield code="a">Getijdenboek.</subfield>
      <subfield code="f">UBU Hs. 5 J 26.</subfield>
    </datafield>
    <datafield tag="246" ind1="1" ind2=" ">
      <subfield code="a">Getijdenboek van Kunera van Leefdael.</subfield>
    </datafield>
    <datafield tag="260" ind1=" " ind2=" ">
      <subfield code="a">Guelders (or Utrecht(?)) ;</subfield>
      <subfield code="c">[c. 1415].</subfield>
    </datafield>
    <datafield tag="300" ind1=" " ind2=" ">
      <subfield code="a">316 fols. :</subfield>
      <subfield code="b">miniatures, historiated initials, marginal illustration, decorated initials, border decoration ;</subfield>
      <subfield code="c">115 x 76 mm.</subfield>
    </datafield>
    <datafield tag="336" ind1=" " ind2=" ">
      <subfield code="a">text</subfield>
      <subfield code="b">txt</subfield>
      <subfield code="2">rdacontent</subfield>
    </datafield>
    <datafield tag="337" ind1=" " ind2=" ">
      <subfield code="a">unmediated</subfield>
      <subfield code="b">n</subfield>
      <subfield code="2">rdamedia</subfield>
    </datafield>
    <datafield tag="338" ind1=" " ind2=" ">
      <subfield code="a">volume</subfield>
      <subfield code="b">nc</subfield>
      <subfield code="2">rdacarrier</subfield>
    </datafield>
    <datafield tag="340" ind1=" " ind2=" ">
      <subfield code="a">parchment</subfield>
      <subfield code="k">1 column, 12 lines, littera textualis.</subfield>
    </datafield>
    <datafield tag="500" ind1=" " ind2=" ">
      <subfield code="a">Preliminary title.</subfield>
    </datafield>
    <datafield tag="500" ind1=" " ind2=" ">
      <subfield code="a">Book of hours.</subfield>
    </datafield>
    <datafield tag="500" ind1=" " ind2=" ">
      <subfield code="a">Known as: Getijdenboek van Kunera van Leefdael.</subfield>
    </datafield>
    <datafield tag="500" ind1=" " ind2=" ">
      <subfield code="a">One miniature is missing.</subfield>
    </datafield>
    <datafield tag="524" ind1=" " ind2=" ">
      <subfield code="a">Cite as: Universiteitsbibliotheek Utrecht Hs. 5 J 26.</subfield>
    </datafield>
    <datafield tag="561" ind1=" " ind2=" ">
      <subfield code="a">Around 1500, the manuscript was owned by Kunera van Leefdael (proprietary mark).</subfield>
    </datafield>
    <datafield tag="581" ind1=" " ind2=" ">
      <subfield code="a">A.W. Byvanck, 'Noordnederlandsche boekkunst (Miniaturen) in de Middeleeuwen', in: Kunstgeschiedenis der Nederlanden.Onder red. van H.E. van Gelder. Utrecht 1946 (tweede druk), p. 91-106. P. 95.</subfield>
    </datafield>
    <datafield tag="581" ind1=" " ind2=" ">
      <subfield code="a">A.W. Byvanck, 'Noord-Nederlandse miniaturen. IV. Enige onlangs bekend geworden handschriften,' in: Bulletin &amp; Nieuws-Bulletin van de Koninklijke Nederlandse Oudheidkundige Bond 6e serie, 6 (1953), P. 37-50. k. 43.</subfield>
    </datafield>
    <datafield tag="581" ind1=" " ind2=" ">
      <subfield code="a">A.W. Byvanck, 'Noordnederlandse miniaturen. V. Nieuwe onderzoekingen en ontdekkingen', in: Bulletin &amp; Nieuws-Bulletin van de Koninklijke Nederlandse Oudheidkundige Bond 6e ser., 9 (1956), kol. 1-22. kol. 2-3.</subfield>
    </datafield>
    <datafield tag="581" ind1=" " ind2=" ">
      <subfield code="a">A. Baumeister, Die Ornamentik des Meisters der Katharina von Kleve. Diss. M©ơnster 1973. P. 56-57.</subfield>
    </datafield>
    <datafield tag="581" ind1=" " ind2=" ">
      <subfield code="a">H.P. Kraus, Monumenta codicum manu scriptorum. An exhibition catalogue of manuscripts of the 6th to the 17th centuries from the libraries of the monasteries of St. Catherine, Mount Sinai, Monte Cassino, Lorsch, Nonantola... New York 1974. P. 79, afb. op p. 78, 137.</subfield>
    </datafield>
    <datafield tag="581" ind1=" " ind2=" ">
      <subfield code="a">O. P©Þcht &amp; U. Jenni, Holl©Þndische Schule. 2 vols. Wien 1975. (= Ver©œffentlichungen der Kommission f©ơr Schrift- und Buchwesen des Mittelalters, Reihe 1, 3; Denkschriften Oesterr. Akad. der Wissenschaften, Philos.-hist. Klasse 124). P. 16, 20.</subfield>
    </datafield>
    <datafield tag="581" ind1=" " ind2=" ">
      <subfield code="a">'Rond het getijdenboek van Kunera van Leefdael' [1975]. P. 1-10.</subfield>
    </datafield>
    <datafield tag="581" ind1=" " ind2=" ">
      <subfield code="a">U. Jenni, Das Skizzenbuch der internationalen Gotik in den Uffizien. Der ©ơbergang vom Musterbuch zum Skizzenbuch. 2 dl.. Wien 1976. (= Wiener Kunstgeschichtliche Forschungen 4 Textbuch) p. 23 nt. 85, 42 nt. 198.</subfield>
    </datafield>
    <datafield tag="581" ind1=" " ind2=" ">
      <subfield code="a">Handschriften en oude drukken van de Utrechtse Universiteitsbibliotheek. Catalogus bij de tentoonstelling in het Centraal Museum te Utrecht ter gelegenheid van het 400-jarig bestaan van de bibliotheek der Rijksuniversiteit, 1584-1984. Utrecht 1984. p. 251-253 nr 119, afb. op p. 23.</subfield>
    </datafield>
    <datafield tag="581" ind1=" " ind2=" ">
      <subfield code="a">D. Proske, Het getijdenboek van Kunera van Leefdael. Beschrijving en commentaar van Hs. 5 J 26 in Utrecht, Universiteitsbibliotheek. Doctoraalscriptie Leiden. Maarssenbroek 1985.</subfield>
    </datafield>
    <datafield tag="581" ind1=" " ind2=" ">
      <subfield code="a">F.O. B©ơttner, 'Komposite Programme der Stundenbuchikonographie in den S©ơdlichen Niederlanden bis gegen 1480,' in: Miscellanea Neerlandica. Opstellen voor Dr. Jan Deschamps ter gelegenheid van zijn zeventigste verjaardag, I. Onder red. van E. Cockx-Indestege &amp; F. Hendrickx. Leuven 1987. p. 314 nt. 5.‍</subfield>
    </datafield>
    <datafield tag="581" ind1=" " ind2=" ">
      <subfield code="a">Chr. de Hamel, 'Medieval and renaissance manuscripts from the library of Sir Sydney Cockerell (1867-1962)', in: The British Library Journal 13 (1987), p. 186-210. P. 194, 205.</subfield>
    </datafield>
    <datafield tag="581" ind1=" " ind2=" ">
      <subfield code="a">K. van der Horst, Illuminated and decorated medieval manuscripts in the University Library, Utrecht. An illustrated catalogue. Maarssen / 's-Gravenhage 1989. P. 7-9 nr. 25, pl. B-C, afb. 86-119.</subfield>
    </datafield>
    <datafield tag="581" ind1=" " ind2=" ">
      <subfield code="a">C.C. de Bruin, De Statenbijbel en zijn voorgangers. Nederlandse bijbelvertalingen vanaf de Reformatie tot 1637. Bew. door F.G.M. Broeyer. Haarlem/Brussel 1993. P. 31, afb. 2 (fol. 98r.).</subfield>
    </datafield>
    <datafield tag="581" ind1=" " ind2=" ">
      <subfield code="a">Flanders in a European perspective: manuscript illumination around 1400 in Flanders and abroad. Proceedings of the intern. Colloquium, Louvain, 7-10 Sept. 1993. Ed. by M. Smeyers &amp; B. Cardon. Louvain 1995. (= Corpus van verluchte handschriften 8, Low Countries series 5). P. 119.</subfield>
    </datafield>
    <datafield tag="581" ind1=" " ind2=" ">
      <subfield code="a">The Beck collection of illuminated manuscripts Veilingcat. Sotheby, Londen , 16-06-1997. P. 159-165.</subfield>
    </datafield>
    <datafield tag="581" ind1=" " ind2=" ">
      <subfield code="a">K. van der Hoek, 'Ave Maria, gratia plena', in: Kunstschrift 46 (2002), nr. 6, p. 22-29. afb. 21.</subfield>
    </datafield>
    <datafield tag="581" ind1=" " ind2=" ">
      <subfield code="a">P. Buijnsters, 'Ulco Proost (1885-1966) als boekverzamelaar', in: Uitgelezen boeken 12 (2008) 3, p. 1-26 afb. op reproductie krantenknipseltje als losse bijlage.</subfield>
      <subfield code="3">Fol. 198v.</subfield>
    </datafield>
    <datafield tag="581" ind1=" " ind2=" ">
      <subfield code="a">Beeldschone Boeken. De Middeleeuwen in goud en inkt. Tent. cat. Museum Catharijneconvent, Utrecht. Zwolle 2009. P. 68, 71, 139-140, afb. 61 (fol. 13v.-14r.).</subfield>
    </datafield>
    <datafield tag="541" ind1=" " ind2=" ">
      <subfield code="a">N. Israel;</subfield>
      <subfield code="b">Amsterdam;</subfield>
      <subfield code="c">Purchase;</subfield>
      <subfield code="d">1973.</subfield>
      <subfield code="5">NL-UtRU</subfield>
    </datafield>
    <datafield tag="655" ind1=" " ind2="7">
      <subfield code="a">Handschriften (vorm)</subfield>
      <subfield code="0">088143309</subfield>
      <subfield code="2">gtt</subfield>
    </datafield>
    <datafield tag="700" ind1="0" ind2=" ">
      <subfield code="a">Master of the Morgan Infancy Cycle</subfield>
      <subfield code="e">illuminator</subfield>
      <subfield code="3">fols. 1-192.</subfield>
      <subfield code="4">ilu</subfield>
    </datafield>
    <datafield tag="700" ind1="0" ind2=" ">
      <subfield code="a">Master of the Passion of Mary of Guelders</subfield>
      <subfield code="e">illuminator</subfield>
      <subfield code="3">fols. 193-316.</subfield>
    </datafield>
    <datafield tag="700" ind1="0" ind2=" ">
      <subfield code="a">Kunera van Leefdael.</subfield>
      <subfield code="4">fmo</subfield>
      <subfield code="e">former owner.</subfield>
      <subfield code="5">NL-UtRU</subfield>
    </datafield>
    <datafield tag="700" ind1="1" ind2=" ">
      <subfield code="a">Kendall of Scarborough, John Kaye.</subfield>
      <subfield code="e">former owner.</subfield>
      <subfield code="4">fmo</subfield>
      <subfield code="5">NL-UtRU</subfield>
    </datafield>
    <datafield tag="700" ind1="1" ind2=" ">
      <subfield code="a">Cockerell, Sydney Carlyle.</subfield>
      <subfield code="e">former owner.</subfield>
      <subfield code="4">fmo</subfield>
      <subfield code="5">NL-UtRU</subfield>
    </datafield>
    <datafield tag="700" ind1="1" ind2=" ">
      <subfield code="a">Abbey, J. R.</subfield>
      <subfield code="e">former owner.</subfield>
      <subfield code="4">fmo</subfield>
      <subfield code="5">NL-UtRU</subfield>
    </datafield>
    <datafield tag="710" ind1="2" ind2=" ">
      <subfield code="a">Hans P. Kraus Jr. (New York)</subfield>
      <subfield code="e">former owner.</subfield>
      <subfield code="4">fmo</subfield>
    </datafield>
    <datafield tag="758" ind1=" " ind2=" ">
      <subfield code="a">UBU Hs. 5 J 26 Getijdenboek (Text)</subfield>
      <subfield code="1">https://id.oclc.org/worldcat/entity/E39PD3x6JW8VPHth7rMhyC79Mq</subfield>
      <subfield code="4">https://id.oclc.org/worldcat/ontology/hasWork</subfield>
    </datafield>
    <datafield tag="856" ind1="4" ind2="1">
      <subfield code="u">http://objects.library.uu.nl/reader/resolver.php?obj=002659595&amp;type=2</subfield>
      <subfield code="x">Online</subfield>
      <subfield code="z">Full Text</subfield>
    </datafield>
    <datafield tag="936" ind1=" " ind2=" ">
      <subfield code="a">BATCHLOAD</subfield>
    </datafield>
  </record>